00468nam a2200169Ia 450000500170000000800410001702000070005808200130006524500310007826000370010930000130014665000130015965000120017294200060018495200950019099900130028520240626032027.0240331s9999 xx 000 0 und d a  a028bMAR 4aThe Sinhala reading public aSri LankabMarga Institutec1974 a70 p .,  aLanguage areading cL 001040708LaWERCLbWERCLcSSCd2024-03-31l0o 028 MARp1498r2024-03-31w2024-03-31yL c639d639